|
|
|
|
| LEADER |
01016nam a2200313 a 4500 |
| 001 |
000467182 |
| 003 |
CZ BrMZK |
| 005 |
20090209140918.0 |
| 007 |
ta |
| 008 |
000115s2000 xr g f cze d |
| 015 |
|
|
|a cnb000926317
|
| 020 |
|
|
|a 80-241-0466-0
|
| 035 |
|
|
|a (OCoLC)44148352
|
| 040 |
|
|
|a BOA001
|b cze
|
| 072 |
|
7 |
|a 821-31/-34
|x Milostná, dobrodružná, fantastická próza
|2 Konspekt
|9 25
|
| 080 |
|
|
|a 821-312.5
|2 MRF
|
| 080 |
|
|
|a (0:82-312.5)
|2 MRF
|
| 100 |
1 |
|
|a Thorpe, Kay
|7 xx0036486
|4 aut
|
| 245 |
1 |
0 |
|a Zkouška pod žhavým sluncem /
|c Kay Thorpeová ; [překlad: Helena Volná].
|
| 260 |
|
|
|a Praha :
|b Harlequin,
|c 2000
|
| 300 |
|
|
|a 192 s. ;
|c 17 cm
|
| 490 |
1 |
|
|a Polibky ;
|v 73 (Y 2/00)
|
| 655 |
|
7 |
|a milostné romány
|7 fd132840
|2 czenas
|
| 700 |
1 |
|
|a Volná, Helena
|7 ola2005262873
|4 trl
|
| 765 |
0 |
|
|t Trial in the sun
|
| 830 |
|
0 |
|a Polibky
|
| 910 |
|
|
|a BOA001
|b 1-1072.555
|
| 990 |
|
|
|a BK
|
| 996 |
6 |
|
|b 2610114530
|c 1-1072.555
|l MZK
|r Sklad / do 1 hodiny
|n 4
|p p.v.
|w 000467182
|u 000010
|a 1
|e BOA001
|j MZK50
|s P
|